Turbulence (Record no. 5373)

000 -LEADER
fixed length control field 00511nam a2200205 i 4500
001 - CONTROL NUMBER
control field 5373
003 - CONTROL NUMBER IDENTIFIER
control field BD-DhUET
008 - FIXED-LENGTH DATA ELEMENTS--GENERAL INFORMATION
fixed length control field 750220s1975 nyua b 001 0 eng
020 ## - INTERNATIONAL STANDARD BOOK NUMBER
International Standard Book Number 0070290377
040 ## - CATALOGING SOURCE
Original cataloging agency DLC
Transcribing agency DLC
Modifying agency BD-DhUET
082 00 - DEWEY DECIMAL CLASSIFICATION NUMBER
Classification number 532.56
Item number HIN/1975
100 1# - MAIN ENTRY--PERSONAL NAME
Personal name Hinze, J. O.
245 00 - TITLE STATEMENT
Title Turbulence
250 ## - EDITION STATEMENT
Edition statement 2nd ed.
260 ## - PUBLICATION, DISTRIBUTION, ETC. (IMPRINT)
Place of publication, distribution, etc. New York
Name of publisher, distributor, etc. McGraw-Hill
Date of publication, distribution, etc. 1975
300 ## - PHYSICAL DESCRIPTION
Extent x,790p.
Other physical details ill.
Dimensions 24 cm.
490 0# - SERIES STATEMENT
Series statement McGraw-Hill series in mechanical engineering
650 #0 - SUBJECT ADDED ENTRY--TOPICAL TERM
Topical term or geographic name as entry element Turbulence
942 ## - ADDED ENTRY ELEMENTS (KOHA)
Koha item type General Book
Holdings
Koha date last seen Koha normalized classification for sorting Price effective from Source of classification or shelving scheme Copy number Withdrawn status Piece designation (barcode) Koha full call number Koha issues (times borrowed) Location (home branch) Shelving location Koha item type Damaged status Sublocation or collection (holding branch) Koha date last borrowed Lost status Not for loan Date acquired
2014-11-26532_560000000000000_HIN_19752014-11-26 1 63813532.56/HIN/1975 Central Library, BUETCirculation sectionGeneral Book Central Library, BUET   2014-11-26
2014-11-26532_560000000000000_HIN_19752014-11-26 2 63816532.56/HIN/1975 Central Library, BUETCirculation sectionGeneral Book Central Library, BUET   2014-11-26
2014-12-07532_560000000000000_HIN_19752014-12-07 3 44334532.56/HIN/1975 Central Library, BUETCirculation sectionGeneral Book Central Library, BUET   2014-12-07
2014-12-07532_560000000000000_HIN_19752014-12-07 4 63807532.56/HIN/1975 Central Library, BUETCirculation sectionGeneral Book Central Library, BUET   2014-12-07
2015-03-29532_560000000000000_HIN_19752014-12-07 5 63812532.56/HIN/19751Central Library, BUETCirculation sectionGeneral Book Central Library, BUET2015-03-25  2014-12-07
2014-12-07532_560000000000000_HIN_19752014-12-07 6 63805532.56/HIN/1975 Central Library, BUETCirculation sectionGeneral Book Central Library, BUET   2014-12-07
2014-12-07532_560000000000000_HIN_19752014-12-07 7 63810532.56/HIN/1975 Central Library, BUETCirculation sectionGeneral Book Central Library, BUET   2014-12-07
2014-12-07532_560000000000000_HIN_19752014-12-07 8 63808532.56/HIN/1975 Central Library, BUETCirculation sectionGeneral Book Central Library, BUET   2014-12-07
2014-12-07532_560000000000000_HIN_19752014-12-07 9 63809532.56/HIN/1975 Central Library, BUETCirculation sectionGeneral Book Central Library, BUET   2014-12-07
2023-02-28532_560000000000000_HIN_19752014-12-07 10 63806532.56/HIN/19751Central Library, BUETCirculation sectionGeneral Book Central Library, BUET2022-11-14  2014-12-07
2015-09-14532_560000000000000_HIN_19752014-12-07 11 63815532.56/HIN/19751Central Library, BUETCirculation sectionGeneral Book Central Library, BUET2015-05-26  2014-12-07
2015-03-09532_560000000000000_HIN_19752015-03-09 12 39158532.56/HIN/1975 Central Library, BUETCirculation sectionGeneral Book Central Library, BUET   2015-03-09
2015-06-07532_560000000000000_HIN_19752015-06-07 13 58968532.56/HIN/1975 Central Library, BUETReading sectionReading Item Central Library, BUET   2015-06-07
2015-06-07532_560000000000000_HIN_19752015-06-07 14 60653532.56/HIN/1975 Central Library, BUETReading sectionReading Item Central Library, BUET   2015-06-07
2015-06-23532_560000000000000_HIN_19752015-06-23 15 52729532.56/HIN/1975 Central Library, BUETReading sectionReading Item Central Library, BUET   2015-06-23
2024-11-27532_560000000000000_HIN_19752024-11-16 16 63811532.56 HIN/19751Central Library, BUETCirculation sectionGeneral Book Central Library, BUET2024-11-27  1985-06-29
2024-11-16532_560000000000000_HIN_19752024-11-16    532.56 HIN/1975 Central Library, BUET General Book Central Library, BUET   2024-11-16
2024-11-16532_560000000000000_HIN_19752024-11-16 18 39159532.56 HIN/1975 Central Library, BUETCirculation sectionGeneral Book Central Library, BUET   2025-09-03